Tijdschrift voor economie en management (Record no. 160885)
[ view plain ]
| 000 -LEADER | |
|---|---|
| fixed length control field | 00982nas a2200301 a 4500 |
| 001 - CONTROL NUMBER | |
| control field | 000421225 |
| 003 - CONTROL NUMBER IDENTIFIER | |
| control field | AM-YeHGA |
| 005 - DATE AND TIME OF LATEST TRANSACTION | |
| control field | 20250617133114.0 |
| 008 - FIXED-LENGTH DATA ELEMENTS--GENERAL INFORMATION | |
| fixed length control field | 050420c 9999be qrzp|||||||0 0eng d |
| 022 ## - INTERNATIONAL STANDARD SERIAL NUMBER | |
| International Standard Serial Number | 0772-7674 |
| 040 ## - CATALOGING SOURCE | |
| Original cataloging agency | AM-YeHGA |
| 041 0# - LANGUAGE CODE | |
| Language code of text/sound track or separate title | eng |
| 090 ## - LOCALLY ASSIGNED LC-TYPE CALL NUMBER (OCLC); LOCAL CALL NUMBER (RLIN) | |
| -- | 162289 |
| 210 0# - ABBREVIATED TITLE | |
| Abbreviated title | Tijdschr. econ. manage. |
| 222 #0 - KEY TITLE | |
| Key title | Tijdschrift voor economie en management |
| 245 00 - TITLE STATEMENT | |
| Title | Tijdschrift voor economie en management |
| 260 ## - PUBLICATION, DISTRIBUTION, ETC. | |
| Place of publication, distribution, etc. | Leuven : |
| Name of publisher, distributor, etc. | Katholieke Universiteit te Leuven, Faculteit der Economische en Toegepaste Economische Wetenschappen. |
| 300 ## - PHYSICAL DESCRIPTION | |
| Extent | v. |
| Other physical details | ill. |
| 310 ## - CURRENT PUBLICATION FREQUENCY | |
| Current publication frequency | Quarterly |
| 362 0# - DATES OF PUBLICATION AND/OR SEQUENTIAL DESIGNATION | |
| Dates of publication and/or sequential designation | jaarg. 20- 1975- |
| 546 ## - LANGUAGE NOTE | |
| Language note | In English |
| 650 04 - SUBJECT ADDED ENTRY--TOPICAL TERM | |
| Topical term or geographic name entry element | Ամսագիր |
| 650 14 - SUBJECT ADDED ENTRY--TOPICAL TERM | |
| Topical term or geographic name entry element | Economics |
| Form subdivision | Periodicals |
| 650 14 - SUBJECT ADDED ENTRY--TOPICAL TERM | |
| Topical term or geographic name entry element | Managerial economics |
| Form subdivision | Periodicals. |
| 710 2# - ADDED ENTRY--CORPORATE NAME | |
| Corporate name or jurisdiction name as entry element | Katholieke Universiteit te Leuven (1970- ). |
| Subordinate unit | Faculteit der Economische en Toegepaste Economische Wetenschappen. |
| 780 00 - PRECEDING ENTRY | |
| Title | Tijdschrift voor economie |
| 942 ## - ADDED ENTRY ELEMENTS (KOHA) | |
| Source of classification or shelving scheme | Universal Decimal Classification |
| Koha item type | Շարունակական պաշար / Continuing Resource |
| Withdrawn status | Lost status | Damaged status | Not for loan | Collection | Home library | Current library | Date acquired | Serial enumeration / chronology | Inventory number | Total checkouts | Barcode | Date last seen | Price effective from | Koha item type | Public note |
|---|---|---|---|---|---|---|---|---|---|---|---|---|---|---|---|
| General | Fundamental Scientific Library | Fundamental Scientific Library | 28/12/2016 | 2003, V. 48, № 3 | ИЖ 2653 | 50-55982 | 28/12/2016 | 28/12/2016 | Շարունակական պաշար / Continuing Resource | 30 Days Loan | |||||
| General | Fundamental Scientific Library | Fundamental Scientific Library | 28/12/2016 | 2003, V. 48, № 4 | ИЖ 2653 | 50-55983 | 28/12/2016 | 28/12/2016 | Շարունակական պաշար / Continuing Resource | 30 Days Loan |
ՀՀ Գիտությունների ազգային ակադեմիայի հիմնարար գիտական գրադարան = Fundamental Scientific Library of NAS RA
All site content, except where otherwise noted, is licensed under a